| Tag |
First Indicator |
Second Indicator |
Subfields |
| LEADER |
00000cam a2200000 a 4500 |
| 001 |
in00001642012 |
| 005 |
20220105104707.0 |
| 006 |
m u |
| 007 |
cr cn||||||||| |
| 008 |
001011r19951993cau sb 001 0 eng d |
| 010 |
|
|
|z 92009507
|
| 020 |
|
|
|a 0585138818 (electronic bk.) :
|c $45.00
|
| 020 |
|
|
|z 0520080122 (alk. paper)
|
| 020 |
|
|
|z 0520203364 (pbk.)
|
| 035 |
|
|
|a 13053
|b (N$T)
|
| 035 |
|
|
|a nL13053
|
| 040 |
|
|
|a N$T
|c N$T
|d UtOrBLW
|
| 050 |
1 |
4 |
|a BM496.9.S48
|b B69 1995eb
|
| 082 |
0 |
4 |
|a 296.1/2
|2 20
|
| 100 |
1 |
|
|a Boyarin, Daniel.
|0 http://id.loc.gov/authorities/names/n82153786
|
| 245 |
1 |
0 |
|a Carnal Israel :
|b reading sex in Talmudic culture /
|c Daniel Boyarin.
|
| 264 |
|
1 |
|a Berkeley, Calif. :
|b University of California Press,
|c 1995.
|
| 264 |
|
4 |
|c ©1993
|
| 300 |
|
|
|a xi, 272 pages ;
|c 24 cm.
|
| 336 |
|
|
|a text
|b txt
|2 rdacontent
|
| 337 |
|
|
|a computer
|b c
|2 rdamedia
|
| 338 |
|
|
|a online resource
|b cr
|2 rdacarrier
|
| 490 |
1 |
|
|a The New historicism ;
|v 25
|
| 500 |
|
|
|a "A Centennial book."
|
| 500 |
|
|
|a [First pbk. printing, 1995.]
|
| 504 |
|
|
|a Includes bibliographical references (pages 247-264) and indexes.
|
| 533 |
|
|
|a Electronic reproduction.
|b Boulder, Colo. :
|c NetLibrary,
|d 2000.
|n Available via World Wide Web.
|n Access may be limited to NetLibrary affiliated libraries.
|
| 500 |
|
|
|a Electronic resource.
|
| 650 |
|
0 |
|a Sex in rabbinical literature.
|0 http://id.loc.gov/authorities/subjects/sh85120623
|
| 650 |
|
0 |
|a Human body in rabbinical literature.
|0 http://id.loc.gov/authorities/subjects/sh92001454
|
| 650 |
|
0 |
|a Women in rabbinical literature.
|0 http://id.loc.gov/authorities/subjects/sh85147600
|
| 650 |
|
0 |
|a Rabbinical literature
|x History and criticism.
|0 http://id.loc.gov/authorities/subjects/sh2008110327
|
| 650 |
|
0 |
|a Sex
|x Religious aspects
|x Judaism.
|0 http://id.loc.gov/authorities/subjects/sh2008111593
|
| 650 |
|
0 |
|a Human body
|x Religious aspects
|x Judaism.
|0 http://id.loc.gov/authorities/subjects/sh2009103099
|
| 650 |
|
0 |
|a Women in Judaism.
|0 http://id.loc.gov/authorities/subjects/sh85147584
|
| 650 |
|
0 |
|a Judaism
|x History
|y Talmudic period, 10-425.
|0 http://id.loc.gov/authorities/subjects/sh85070850
|
| 655 |
|
7 |
|a Electronic books.
|2 local
|
| 710 |
2 |
|
|a NetLibrary, Inc.
|0 http://id.loc.gov/authorities/names/no99080690
|
| 776 |
0 |
|
|c Original
|w (DLC) 92009507
|
| 830 |
|
0 |
|a New historicism ;
|v 25.
|0 http://id.loc.gov/authorities/names/n86736519
|
| 856 |
4 |
1 |
|u https://proxy.library.tamu.edu/login?url=http://www.netLibrary.com/urlapi.asp?action=summary&v=1&bookid=13053
|z Connect to the full text of this electronic book
|t 0
|
| 999 |
|
|
|a MARS
|
| 999 |
f |
f |
|s f02dd3a0-29aa-3e2e-a993-89dc6fe4c8af
|i 94011bfb-3c3e-392d-8b50-1a3c065b59c0
|t 0
|
| 952 |
f |
f |
|a Texas A&M University
|b College Station
|c Electronic Resources
|d Available Online
|t 0
|e BM496.9.S48 B69 1995eb
|h Library of Congress classification
|
| 998 |
f |
f |
|a BM496.9.S48 B69 1995eb
|t 0
|l Available Online
|